000 01695na a2200349 4500
001 24412
003 MIRAKIL
005 20181226104235.0
008 181005b tu 000 0
020 _a9786058596849
035 _a19008
041 _atur
082 _a342.03
_bC36a 2016
090 _a342.03 C36a 2016
111 _aCHP Anayasa Çalıştayı
_d12 Kasım 2016
245 _aAnayasa çalıştayı raporları
_cderleyen Bülent Tezcan, Onur Bilge Kulla
260 _aAnkara
_bCHP
_c2016
300 _a162 s.
_c21 sm.
440 _aCumhuriyet Halk Partisi yayınları
_v4
500 _aDış kapakta yapıt adı: Metnin üstünde "Türkiye'de başkanlık sistemi tartışmaları" yazılıdır.
505 _aCHP genel başkan Kemal Kılıçdaroğlu'nun açış konuşması -Anayasa vizyonu/ Bülent Tezcan (oturum başkanı);Bertil Emrah Oder ; İbrahim Ö. Kaboğlu. - Parlementer demorkasi/Muharrem Erkek (oturum başkanı); Selin Esen; Necmi Yüzbaşıoğlu - Otoriter sistem arayışları /Murat Emri (oturum başkanı) ; Şule Özsoyboyunsuz ; Korkut Kanadoğlu - "Çoğulcu Demokrasi ve Parlamenter Sistem" konulu Hhukuk Çalıştayı I" raporu / Ahmet Mumcu ; Erdoğan Teziç ; İbrahim Kaboğlu ; Korkut Kanadoğlu ; Caner Yenidünya
610 _aCHP
_xAnayasa değişikliği
_yToplantılar
_yRaporlar
610 _aCHP
_xİktidar eleştirisi
_yToplantılar
650 _aBaşkanlık sistemi
_xToplantılar
657 _aTürk tipi başkanlık
700 _aKula, Onur Bilge
700 _aTezcan, Bülent
740 _aTürkiye'de başkanlık sistemi tartışmaları
830 _aCHP yayınları
942 _2ddc
_cBKS
040 _aMilas
_btur
_cTR-AnCHP
999 _c11849
_d11849